000
00279nam a22001217a 4500
008
180712b xxu||||| |||| 00| 0 eng d
041
_a
eng
080
_a
711
100
_a
45
101
_a
ART
245
_a
Metric Pattern Cutting for Women's Wear
_c
Aldrich, W
942
_2
udc
_c
BK
999
_c
46649
_d
46649